| 000 | 00767cam a2200253Ia 4500 | ||
|---|---|---|---|
| 008 | |||
| 020 | _a0901716804 (hbk. ) | ||
| 049 | _aMAIN | ||
| 090 | _aTN705 TUR | ||
| 100 | 1 | _aTurkdogan, E. T. | |
| 245 | 1 | 0 |
_aFundamentals of steelmaking / _cE.T. Turkdogan. |
| 260 |
_aLondon : _bInstitute of Materials, _c1996. |
||
| 300 |
_axiv, 331 p. : _bill. ; _c26 cm. |
||
| 440 |
_aBook / Institute of Materials ; _v614 |
||
| 500 | _aIncludes index. | ||
| 504 | _aIncludes bibliographical references. | ||
| 650 | 0 |
_aSteel _xMetallurgy. |
|
| 710 | 2 | _aInstitute of Materials (London, England) | |
| 907 |
_a.b10072500 _b15-02-07 _c17-04-03 |
||
| 003 | |||
| 005 | 20230123134016.0 | ||
| 040 | _cNUST | ||
| 942 |
_cBOOKS _kTN705 TUR |
||
| 999 |
_c158440 _d158440 |
||